000 00242nam a2200109Ia 4500
008 170627s9999 xx 000 0 und d
100 _aDWIVEDI- D.N.
245 0 _aPRINCIPLES OF ECONOMICS
260 _bVIKAS
260 _c2005
546 _aENGLISH
690 _aECONOMICS
999 _c35379
_d35379